00625nam a22001815i 4500001001900000003000400019005001700023008004100040017003900081020001800120040002900138100003600167245011900203264002800322300002700350504001700377650004900394991060740744306706OSt20230328140005.0220923s2022 sp |||||rb||||0|| 0 spa|c aDL M 20461-2022bOficina DL Madrid a9788430986439 aES-BaBPCbcaterdacCDMR1 aSánchez Illán, Juan Carlos,10aPrensa y política en la España contemporánea :bel negocio de la influencia /cJuan Carlos Sánchez Illán 1aMadrid :bTecnos,c2022 a230 pàgines ;c22 cm aBibliografia 7aPremsa i políticazEspanya.yS. XXI2lemac